| 000 | 00503nam a2200181Ia 4500 | ||
|---|---|---|---|
| 008 | 140609s9999 xx 000 0 und d | ||
| 020 | _a9781844482689 | ||
| 050 |
_aNC 730 _b.D331 2008 |
||
| 100 | _aDe la Bedoyere, Quentin. | ||
| 245 |
_aDrawing techniques / _cQuentin De la Bedoyere |
||
| 260 |
_aTunbridge Wells : _bSearch, _cc2008. |
||
| 300 |
_a64 p. : _bcol. ill. ; _c29 cm. |
||
| 440 | _a(How to paint). | ||
| 500 | _aIncludes index. | ||
| 521 | _aMA | ||
| 942 |
_kFOR _cBK |
||
| 999 |
_c118279 _d118279 |
||